Satow's guide to diplomatic practice
Enregistré dans:
| Auteur principal: | |
|---|---|
| Format: | Livre |
| Langue: | anglais |
| Publié: |
London
Longman
1998
|
| Édition: | 5. ed., 9. impr. |
| Sujets: | |
| Tags: |
Pas de tags, Soyez le premier à ajouter un tag!
|
MARC
| LEADER | 00000nam a2200000 4500 | ||
|---|---|---|---|
| 001 | c115441 | ||
| 005 | 20221221084742.7 | ||
| 020 | |a 0-582-50109-1 | ||
| 041 | 0 | |a eng | |
| 044 | |a GB | ||
| 245 | 1 | 0 | |a Satow's guide to diplomatic practice |c Sir Ernest Satow |
| 250 | |a 5. ed., 9. impr. | ||
| 264 | 1 | |a London |b Longman |c 1998 | |
| 300 | |a 544 s. | ||
| 610 | 2 | 0 | |a diplomacia |
| 610 | 2 | 0 | |a politika medzinárodná |
| 610 | 2 | 0 | |a organizácie medzinárodné |
| 610 | 2 | 0 | |a osobnosť |
| 100 | 1 | |a Satow, Ernest | |